000
00321nas a2200145 a 4500
001
72331
003
146484
005
20201118111022.0
008
||||||n9999 ||| || ||
245
0
_a
Sintesis Economica - No.540
260
_c
1986.
562
_e
0
773
_0
16191
_a
Sintesis Economica
942
_c
SISS
999
_c
72331
_d
72331